000 01063cam a22002891i 4500
003 SA-RiAUC
005 20241211060431.0
008 241210s2007 ua g 00000bara c
020 _a9773424502
040 _aSA-JeALM
_bara
_cSA-RiAUC
_erda
082 0 0 _a239
_qSA-RiAUC
090 _a239
_bح م ا
100 1 _aحمادة، فاروق،
_d1949-
_eمؤلف.
245 1 0 _aأضواء على البعثة المحمدية /
_cفاروق حمادة.
250 _aالطبعة الأولى.
264 1 _aالدار البضاء ؛
_bمطبعة النجاح،
_c2006
300 _a134 صفحة ؛
_c22 سم.
336 _aنص
_btxt
_2rdacontent
_3كتاب
337 _aبدون وسيط
_bn
_2rdamedia
338 _aمجلد
_bnc
_2rdacarrier
490 0 _aومضات من السيرة النبوية ؛
_v1
563 _aغلاف.
600 0 7 _aمحمد (صلى الله عليه وسلم)،
_d53 قبل الهجرة-11 هجري
_2aucnm
650 7 _aالسيرة النبوية
_2aucsh
942 _2ddc
_cBOOK
_n0
949 _aSA-JeALM
_d241210
_uosman123
_n1
999 _c3285
_d3285